Assistència primària i planificació familiar : per una xarxa funcional única per una xarxa funcional única
ISBN:
84-505-3656-1
Descripción Física:
114 p. ; 24 cm
Colección:
Butlletí planificació familiar ; 2
Materias:
Control de la natalitat -- Catalunya
MARC
| LEADER | 00000nam a2200000Ia 4500 | ||
|---|---|---|---|
| 001 | 2068 | ||
| 008 | 160829s9999 xx 000 0 cat d | ||
| 020 | |a 84-505-3656-1 | ||
| 080 | |a C-2-344 | ||
| 245 | |a Assistència primària i planificació familiar : |b per una xarxa funcional única | ||
| 260 | |a Barcelona : |b Diputació de Barcelona. Servei de Sanitat, DL 1986 | ||
| 300 | |a 114 p. ; |c 24 cm | ||
| 490 | |a Butlletí planificació familiar ; 2 | ||
| 650 | |a Control de la natalitat |x Catalunya |9 25292 | ||
| 710 | 1 | |a Barcelona (Catalunya : Província). |b Servei de Sanitat |9 54402 | |
| 901 | |a Arxiu | ||
| 942 | |n 1 | ||
| 952 | |0 0 |1 0 |4 0 |6 C2344 |7 1 |9 41873 |a Arxiu |b Arxiu |d 2016-12-01 |l 0 |o C-2-344 |p 2068 |r 2016-12-01 00:00:00 |w 2016-12-01 |y ARXIU | ||
| 999 | |c 44320 |d 44320 | ||